| 000 | 00775nam a2200277 a 4500 | ||
|---|---|---|---|
| 003 | AR-BaBNM | ||
| 005 | 20251128205920.0 | ||
| 008 | 082120s2002 ||||||||||||||000 | spa|| | ||
| 020 | _a84-387-0367-4 | ||
| 040 | _cAR-BaBNM | ||
| 100 | 1 | _aEscudero, María Pilar | |
| 245 | 0 | 0 |
_aMúsica en la educación primaria [Logse] 1er ciclo _blibro del profesor _n1 |
| 250 | _a1ª ed. | ||
| 260 |
_aMadrid _bReal Musical _c1993 |
||
| 300 |
_a40 p. _bil |
||
| 500 | _aLOGSE: LEY DE ORDENACION GENERAL DEL SISTEMA EDUCATIVO | ||
| 650 | 4 | _aEDUCACION MUSICAL | |
| 650 | 4 | _aENSEÑANZA | |
| 650 | 4 | _aGUIA DEL DOCENTE | |
| 650 | 4 | _aCENTROS DE INTERES | |
| 650 | 4 | _aJUEGOS EDUCATIVOS | |
| 653 | _aEDUCACION PRIMARIA | ||
| 653 | _aCANCIONEROS | ||
| 942 | _cBK | ||
| 998 | _cCARMEN | ||
| 999 |
_c13286 _d13286 |
||